| 000 | 00949nam a22003017a 4500 | ||
|---|---|---|---|
| 003 | CHAP | ||
| 005 | 20220329140248.0 | ||
| 008 | 971013s1952 r 00010 d | ||
| 010 | _a49408 | ||
| 011 | _a50380 | ||
| 035 | _a54530 | ||
| 040 | _cCHAP | ||
| 082 |
_a987.2 _bV48 |
||
| 100 | 0 | 0 |
_aVila, Marco-Aurelio. _9119330 |
| 245 | _aAspectos geográficos del Zulia | ||
| 260 |
_aCaracas : _bCorporación Venezolana de Fomento, _c1952 |
||
| 300 |
_a304 p. _b: ilus. |
||
| 490 | _aMonografías económicas estadales | ||
| 590 |
_aBATCH-UPD _b10 _c20130110 _lUCH01 _h0710 |
||
| 590 |
_aBATCH-UPD _b10 _c20130410 _lUCH01 _h0356 |
||
| 590 |
_aBATCH-UPD _b10 _c20130914 _lUCH01 _h1829 |
||
| 590 |
_aCONVERSION _b10 _c20130109 _lUCH01 _h1327 |
||
| 650 | 1 | 4 |
_aZulia, Venezuela _xGeografía. _9124278 |
| 830 | 0 |
_aMonografías económicas estadales _977577 |
|
| 901 | _aBK | ||
| 942 | _cLIBRO | ||
| 949 |
_a987.2 V48 _bBC _cLIBRO _d-120260 _eLIBRO _h25921 _i54530 _si |
||
| 999 |
_c49408 _d49408 |
||